LDR 01207naa#a2200229#i#450# 001 EN\\bibl\120834 005 20260515212856.5 011 ## _a0235-2524 100 ## _a20260512b2026####ek#y0engy0150####ca 102 ## _aRU 200 1# _aNumerical modeling of the stability of an earth dam with different reservoir filling _eJournal article 210 1# _aMoscow _cANO Editorial Board Melioration and water management _d2026 215 ## _a0 с. 606 ## _aТехника и технологии строительства. 08.00.00 _2local 608 ## _aJournal article _2local 675 ## _aОсновные размеры живого сечения. Глубина канала. Ширина канала. Живое сечение. Средняя глубина воды. Подмостовые габариты. 626.31 _z 686 ## _aИзыскания и проектирование в строительстве. 382 _2bbk 686 ## _aГидротехническое строительство. 5445 _2tbk 686 ## _aИнженерные изыскания в строительстве. 67.21 _2grnti 700 #1 _aKachaev _gAleksandr Evgen'evich 700 #1 _aTurapin _gSergey Sergeevich 856 4# _amivh.editorum.ru _u